Katka nebyla sama / [Autor:] Maria Kannová ; Z pol. orig. Dujawica přel. Lenka Stachová-Teigová ; [Doslov:] Zdeněk Koňák ; [Barev.] il. Josef Liesler
Dvanáctileté polské děvčátko ze Zakopaného pomáhá statečně lidem pronásledovaným gestapem a podílí se tak na boji svého lidu proti fašistům.
Record details
- Physical Description: 197, [2] s. ; 8°
- Edition: 1. vyd.
- Publisher: Praha : NV, 1960
Content descriptions
| General Note: | Vyd. Svaz protifašistických bojovníků Pozn. Barev. il. frontispice 15000 výt. |
Search for related items by subject
| Genre: | polské romány |
Search for related items by series
Available copies
- 1 of 1 copy available at Common Catalog SPOK.
Holds
- 0 current holds with 1 total copy.
Show Only Available Copies
| Location | Call Number / Copy Notes | Barcode | Shelving Location | Status | Due Date |
|---|---|---|---|---|---|
| The Jewish community of Prague | K 1528 | 4638301990 | K - Beletrie | Available | - |
Electronic resources
Version of Resource: Digitalizovaný dokument
| LDR | 01493nam a22003611 4500 | ||
|---|---|---|---|
| 001 | 53814 | ||
| 003 | CZ-PrJAB | ||
| 005 | 20190115142524.0 | ||
| 008 | 981110s1960 xr e ||| 1 cze | ||
| 015 | . | ‡acnb000731008 | |
| 035 | . | ‡a(CZ PrNK)bk196005572 | |
| 035 | . | ‡a(OCoLC)85707656 | |
| 040 | . | ‡aABA001 ‡bcze ‡cBOA001 ‡dABA001 | |
| 041 | 1 | . | ‡acze ‡hpol |
| 072 | 7. | ‡a821.162.1 ‡xPolská literatura ‡2Konspekt ‡925 | |
| 080 | . | ‡a821.162.1-31 ‡2MRF | |
| 080 | . | ‡a(0:82-31) ‡2MRF | |
| 100 | 1 | . | ‡aKann, Maria, ‡d1916-1995 ‡7mzk2004232665 ‡4aut |
| 245 | 1 | 0. | ‡aKatka nebyla sama / ‡c[Autor:] Maria Kannová ; Z pol. orig. Dujawica přel. Lenka Stachová-Teigová ; [Doslov:] Zdeněk Koňák ; [Barev.] il. Josef Liesler |
| 250 | . | ‡a1. vyd. | |
| 260 | . | ‡aPraha : ‡bNV, ‡c1960 ‡f(Polygrafia) | |
| 300 | . | ‡a197, [2] s. ; ‡c8° | |
| 490 | 1 | . | ‡aŽivé knihy ; ‡vSv. 31 |
| 500 | . | ‡aVyd. Svaz protifašistických bojovníků | |
| 500 | . | ‡aPozn. | |
| 500 | . | ‡aBarev. il. frontispice | |
| 500 | . | ‡a15000 výt. | |
| 520 | . | ‡aDvanáctileté polské děvčátko ze Zakopaného pomáhá statečně lidem pronásledovaným gestapem a podílí se tak na boji svého lidu proti fašistům. | |
| 655 | 7. | ‡apolské romány ‡7fd133084 ‡2czenas | |
| 710 | 2 | . | ‡aSvaz protifašistických bojovníků ‡7kn20020322091 |
| 830 | 0. | ‡aŽivé knihy (Naše vojsko : Český svaz protifašistických bojovníků) | |
| 856 | 4 | 1. | ‡uhttp://krameriusndk.nkp.cz/search/handle/uuid:92d36b70-10bd-11e4-8f64-005056827e52 ‡yDigitalizovaný dokument |
| 910 | . | ‡aABE461 | |
| 995 | . | ‡aska | |
| 901 | . | ‡a53814 ‡bAUTOGEN ‡c53814 ‡tbiblio | |